000 00440nam a2200157Ia 4500
999 _c11959
_d11959
003 OSt
005 20201005143533.0
008 190216s9999||||xx |||||||||||||| ||und||
040 _coclc
082 _a821
_bMIL/S
100 _aMilton, John
_94697
245 0 _aSamson Agonistes /
_cJohn Milton
260 _bMac Millian And Com. Ltd,
_c1965.
_aNew york:
300 _a202p
942 _cBK
_2ddc
_h821
_iMIL/S
_k821
_mMIL/S